Statistics for Random Extreme Football Club Logo Quiz

Click here to take the quiz!

General Stats

  • This quiz has been taken 782 times
    (202 since last reset)
  • The average score is 13 of 20

Answer Stats

Answer% Correct
1. FC Köln
100%
AC Milan
100%
Ajax
100%
Al-Ittihad
100%
Arsenal
100%
AS Roma
100%
Aston Villa
100%
Atalanta
100%
Athletic Bilbao
100%
Atlético Madrid
100%
Bologna
100%
Bolton Wanderers
100%
Bordeaux
100%
Borussia Dortmund
100%
Borussia Monchengladbach
100%
Bournemouth
100%
Brentford
100%
Brighton & Hove Albion
100%
Burnley
100%
Cádiz CF
100%
Celta Vigo
100%
Celtic
100%
Chelsea
100%
Club Brugge
100%
Crystal Palace
100%
Derby County
100%
Dinamo Zagreb
100%
Dynamo Kyiv
100%
Eintracht Frankfurt
100%
Everton
100%
FC Basel
100%
FC København
100%
FC Porto
100%
Fenerbahçe
100%
Fiorentina
100%
FK Bodø/Glimt
100%
Fulham
100%
Galatasaray
100%
Girona
100%
Grasshopper FC
100%
Hajduk Split
100%
Hamburger SV
100%
Hannover 96
100%
Hertha Berlin
100%
Houston Dynamo
100%
İstanbul Başakşehir
100%
Juventus
100%
KRC Genk
100%
LA Galaxy
100%
Leeds United
100%
Legia Warszawa
100%
Leicester City
100%
Lille OSC
100%
Liverpool
100%
Lorient
100%
Luton Town
100%
Mainz 05
100%
Manchester City
100%
Manchester United
100%
Marseille
100%
Millwall
100%
Montpellier
100%
Newcastle United
100%
New York City
100%
Norwich City
100%
Nottingham Forest
100%
Olympique Lyonnais
100%
Orlando City
100%
PAOK
100%
Paris Saint-Germain
100%
Perth Glory
100%
PSV Eindhoven
100%
Rangers
100%
Rayo Vallecano
100%
RB Leipzig
100%
RCD Espanyol
100%
RCD Mallorca
100%
Real Betis
100%
Red Star Belgrade
100%
Royal Antwerp
100%
Salford City
100%
Sampdoria
100%
Santos
100%
Schalke 04
100%
Servette FC
100%
Sevilla
100%
Sheffield Wednesday
100%
Slavia Praha
100%
SL Benfica
100%
Spartak Moscow
100%
Sporting Lisbon
100%
SSC Napoli
100%
SS Lazio
100%
Stade Rennais
100%
Stoke City
100%
Swansea City
100%
Torino
100%
Tottenham Hotspur
100%
Toulouse
100%
UD Almería
100%
Udinese
100%
Union Berlin
100%
US Sassuolo
100%
Valencia
100%
VfL Wolfsburg
100%
Villarreal
100%
Vitesse
100%
Werder Bremen
100%
West Ham United
100%
Wolverhampton Wanderers
100%
Young Boys
100%
Zenit St. Petersburg
100%
Granada CF
89%
Nantes
88%
Real Madrid
88%
1. FC Nürnberg
86%
Bayern Munich
86%
FC Barcelona
86%
Inter Milan
86%
VfB Stuttgart
86%
VfL Bochum
86%
1. FC Heidenheim
83%
CA Osasuna
83%
Feyenoord
83%
Genoa
83%
Hull City
83%
Molde FK
83%
Olympiacos
83%
RC Lens
83%
Sydney FC
83%
AS Monaco
80%
Boca Juniors
80%
Cagliari Calcio
80%
Chicago Fire
80%
FC Metz
80%
FC St. Pauli
80%
Inter Miami
80%
KAA Gent
80%
LASK
80%
Palermo Calcio
80%
Racing Club
80%
RC Strasbourg
80%
Real Sociedad
80%
SC Braga
80%
AEK Athens
75%
Alavés
75%
Al-Nassr
75%
Brest
75%
CD Tenerife
75%
ESTAC Troyes
75%
Lokomotiv Moscow
75%
Middlesbrough
75%
Parma Calcio
75%
Pisa SC
75%
Queen's Park Rangers
75%
Rapid Wien
75%
River Plate
75%
Sunderland
75%
Union Saint-Gilloise
75%
Viktoria Plzeň
75%
Vissel Kobe
75%
Watford
75%
AZ Alkmaar
71%
Flamengo
71%
Los Angeles FC
71%
West Bromwich Albion
71%
AC Monza
67%
AJ Auxerre
67%
Al-Ahli
67%
Al Hilal
67%
Angers SCO
67%
Beşiktaş
67%
Birmingham City
67%
DC United
67%
FC St. Gallen
67%
FC Twente
67%
Fortuna Düsseldorf
67%
Hellas Verona
67%
Ipswich Town
67%
Malmö FF
67%
Midtjylland
67%
Newport County
67%
Notts County
67%
Paris FC
67%
Reading
67%
Red Bull Salzburg
67%
RSC Anderlecht
67%
SD Eibar
67%
Southampton
67%
Sparta Praha
67%
Standard Liège
67%
Tigres UANL
67%
US Lecce
67%
Wrexham
67%
Blackburn Rovers
63%
Bristol City
60%
Deportivo La Coruña
60%
Excelsior Rotterdam
60%
HJK Helsinki
60%
Newell's Old Boys
60%
Oxford United
60%
Port Vale
60%
Real Valladolid
60%
Wigan Athletic
60%
Austin FC
57%
Charlotte FC
57%
Colombus Crew
57%
Reims
57%
Sheffield United
57%
Sparta Rottendam
57%
Adana Demirspor
50%
Adelaide United
50%
Alanyaspor
50%
Antalyaspor
50%
AS Saint-Étienne
50%
Atlanta United
50%
Brøndby IF
50%
Cardiff City
50%
Clermont Foot
50%
Como 1907
50%
Corinthians
50%
FC Zürich
50%
Frosinone Calcio
50%
Gillingham
50%
KAS Eupen
50%
Kasımpaşa
50%
KV Kortrijk
50%
Levante UD
50%
Melbourne City
50%
Minnesota United
50%
Morecambe
50%
Palmeiras
50%
Panathinaikos
50%
PEC Zwolle
50%
Philadelphia Union
50%
Portimonense
50%
Preston North End
50%
Royal Charleroi
50%
Salernitana
50%
Spezia Calcio
50%
SSC Bari
50%
SV Darmstadt
50%
Toronto FC
50%
Trabzonspor
50%
Venezia
50%
Western United
50%
São Paulo FC
45%
Hibernian
44%
Bristol Rovers
43%
New York Red Bulls
43%
Racing Santander
43%
AFC Wimbledon
40%
BK Häcken
40%
Cambridge United
40%
Cercle Brugge
40%
CF Montréal
40%
FC Andorra
40%
FC Famalicão
40%
FC Lausanne-Sport
40%
Kidderminster Harriers
40%
Ludogorets
40%
New England Revolution
40%
Plymouth Argyle
40%
SC Freiburg
40%
Sivasspor
40%
Al-Shabab
38%
1. FC Kaiserslautern
33%
AC Ajaccio
33%
Casa Pia
33%
CD Guadalajara
33%
Club América
33%
Cruz Azul
33%
Elche CF
33%
En Avant Guingamp
33%
FC Utrecht
33%
Fluminense
33%
Grêmio
33%
Hansa Rostock
33%
Harrogate Town
33%
Heracles Almelo
33%
Konyaspor
33%
Melbourne Victory
33%
NEC Nijmegen
33%
Rotherham United
33%
RWD Molenbeek
33%
Sporting Kansas City
33%
Ferencváros
29%
KVC Westerlo
29%
Cheltenham Town
25%
Grimsby Town
25%
Hartlepool United
25%
Le Havre AC
25%
Modena FC
25%
Portland Timbers
25%
Seattle Sounders
25%
UD Las Palmas
25%
Widzew Łódź
25%
CSKA Moscow
20%
Fatih Karagümrük
20%
Racing de Ferrol
20%
Wellington Pheonix
20%
Al-Ettifaq
17%
Central Coast Mariners
17%
FC Cincinnati
17%
Go Ahead Eagles
17%
St Louis City
17%
US Cremonese
17%
VFL Osnabrück
17%
Forest Green Rovers
13%
Newcastle Jets
10%
Al-Wehda
0%
Blackpool
0%
Botafogo
0%
Brisbane Roar
0%
Colorado Rapids
0%
Doncaster Rovers
0%
Dorking Wanderers
0%
Dynamo Moscow
0%
Exeter City
0%
FC Augsburg
0%
FC Dallas
0%
Fortuna Sittard
0%
Greuther Fürth
0%
LASK
0%
ŁKS Łódź
0%
Macarthur
0%
Nashville SC
0%
Nordsjælland
0%
Pendikspor
0%
Portsmouth
0%
Real Salt Lake
0%
RKC Waalwijk
0%
San Jose Earthquakes
0%
Shakhtar Donetsk
0%
Sint-Truidense VV
0%
Strum Graz
0%
Sturm Graz
0%
TSG Hoffenheim
0%
Vancouver Whitecaps
0%
Vasco da Gama
0%
Vélez Sarsfield
0%
Western Sydney Wanderers
0%

Score Distribution

Percentile by Number Answered

Percent of People with Each Score

Your Score History

You have not taken this quiz since the last reset